Normal view MARC view
  • López Catalán, Julián,

Entry Nombre Personal

Number of records used in: 2

001 - NUMERO DE CONTROL

  • campo de control: 51540

003 - IDENTIFICADOR DE NUMERO DE CONTROL

  • campo de control: MX-MxUPN

005 - FECHA Y HORA DE LA ÜLTIMA TRANSACCIÓN

  • campo de control: 20240619093020.0

008 - DATOS DE LONGITUD FIJA

  • campo de control de longitud fija: 240412|| aca||aabn | aaa d

010 ## - NÚMERO DE CONTROL DE LA BIBLIOTECA DEL CONGRESO

  • Número de control LC: no2012028445

035 ## - NUMERO DE CONTROL

  • Número de control: (OCoLC)oca09127664

040 ## - FUENTE DE CATALOGACIÓN

  • Agencia original de catalogación: TxU
  • Lenguaje de catalogación: spa
  • Agencia de transcripción: TxU
  • Agencia que lo modifica: MX-MxUPN

100 1# - ENCABEZAMIENTO - NOMBRE PERSONAL

  • Nombre personal: López Catalán, Julián,
  • Fechas asociadas con el nombre: 1834-1890

670 ## - FUENTE EN LA QUE SE LOCALIZARON DATOS

  • Cita de la fuente: Autoridades LC, 12 abril 2024 :
  • Información localizada: (López Catalán, Julián, 1834-1890)
  • Uniform Resource Identifier: https://lccn.loc.gov/no2012028445

902 ## - CATALOGADOR

  • Catalogador: MaríaRobles/120424